30 biggest cities and towns in New Hampshire - Statistics

General Stats
  • This quiz has been taken 67 times
  • The average score is 13 of 30
Answer Stats
Population City % Correct
43,976 Concord
100%
115,644 Manchester
94%
91,322 Nashua
91%
21,956 Portsmouth
89%
23,047 Keene
72%
32,741 Dover
64%
34,317 Derry
57%
25,826 Londonderry
57%
14,282 Lebanon
53%
32,492 Rochester
53%
16,871 Laconia
49%
26,632 Merrimack
45%
30,089 Salem
45%
11,870 Hanover
38%
15,490 Durham
34%
16,049 Exeter
34%
16,214 Hampton
34%
23,322 Bedford
32%
9,822 Conway
30%
14,871 Hooksett
28%
18,577 Goffstown
26%
16,131 Milford
26%
15,817 Windham
26%
12,949 Claremont
23%
25,394 Hudson
23%
14,222 Pelham
23%
11,753 Amherst
21%
11,855 Somersworth
15%
10,684 Raymond
9%
9,430 Newmarket
4%
No matching quizzes found
Score Distribution
Percent of People with Each Score
Percentile by Number Answered
Your Score History
You have not taken this quiz